Fenomén doby: podpojištění

Živelné katastrofy v poslednej dobe ukázali, že škody na domoch významne prevyšujú čiastky uvedené v poistných zmluvách. Česi tak majú svoje domovy podpoistené o 42%. Česká asociácia poisťovní tento fenomén dlhodobo sleduje a analyzuje a v roku 2025 spustila kampaň "60% nestačí". Tá ma za úlohu klie...

Descrizione completa

Salvato in:
Dettagli Bibliografici
Autore principale: Pechová, Lucie
Natura: Capitolo di libro
Lingua:ceco
Soggetti:
Tags: Aggiungi Tag
Nessun Tag, puoi essere il primo ad aggiungerne!!

MARC

LEADER 00000naa a2200000 4500
001 0314991
005 20260213130417.3
041 0 |a cze 
044 |a CZ 
245 1 0 |a Fenomén doby: podpojištění  |c Lucie Pechová 
520 |a Živelné katastrofy v poslednej dobe ukázali, že škody na domoch významne prevyšujú čiastky uvedené v poistných zmluvách. Česi tak majú svoje domovy podpoistené o 42%. Česká asociácia poisťovní tento fenomén dlhodobo sleduje a analyzuje a v roku 2025 spustila kampaň "60% nestačí". Tá ma za úlohu klientom riziko podpoistenia vysvetliť a napraviť. 
610 2 0 |a riziko poistné 
610 2 0 |a poistenie majetku 
610 2 0 |a pohromy živelné 
610 2 0 |a čiastka poistná 
610 2 0 |a udalosti poistné 
100 1 |a Pechová, Lucie